ბათუმის შოთა რუსთაველის სახელმწიფო უნივერსიტეტის ბიბლიოთეკა

The career counselor's Handbook (ბიბ.ჩანაწერი № 51478)

000 -LEADER
fixed length control field 00589nam a2200229Ia 4500
001 - CONTROL NUMBER
control field 18464
003 - CONTROL NUMBER IDENTIFIER
control field GE_BSU
008 - FIXED-LENGTH DATA ELEMENTS--GENERAL INFORMATION
fixed length control field 181216s||||||||xx |||||||||||||| ||und||
020 ## - INTERNATIONAL STANDARD BOOK NUMBER
International Standard Book Number 9781582088701
040 ## - CATALOGING SOURCE
Transcribing agency GE_BSU
080 ## - UNIVERSAL DECIMAL CLASSIFICATION NUMBER
Universal Decimal Classification number 658
100 ## - MAIN ENTRY--PERSONAL NAME
Personal name Figler, Howard., Nelson Bolles,R.
245 #4 - TITLE STATEMENT
Title The career counselor's Handbook
250 ## - EDITION STATEMENT
Edition statement Second edition
260 ## - PUBLICATION, DISTRIBUTION, ETC.
Place of publication, distribution, etc. Berkeley
260 ## - PUBLICATION, DISTRIBUTION, ETC.
Name of publisher, distributor, etc. Ten Speed Press
260 ## - PUBLICATION, DISTRIBUTION, ETC.
Date of publication, distribution, etc. 2007
300 ## - PHYSICAL DESCRIPTION
Extent 308p. 23cm.
653 ## - INDEX TERM--UNCONTROLLED
Uncontrolled term The career counselor's Handbook
653 ## - INDEX TERM--UNCONTROLLED
Uncontrolled term კარიერა, სამსახური
942 ## - ADDED ENTRY ELEMENTS (KOHA)
Koha item type წიგნი
ეგზემპლარები
Withdrawn status Lost status Damaged status Not for loan Date acquired Barcode Date last seen Price effective from Koha item type
        2018-12-17 47312 2018-12-17 2018-12-17 წიგნი